[Event "Norway Chess 1st"]
[Site "Stavanger"]
[Date "2013.05.12"]
[Round "4"]
[White "Anand, Viswanathan"]
[Black "Nakamura, Hikaru"]
[Result "0-1"]
[WhiteElo "2783"]
[BlackElo "2775"]
[Annotator "Szabo,Kr"]
[PlyCount "78"]
[EventDate "2013.05.08"]
[EventType "tourn"]
[EventRounds "9"]
[EventCountry "NOR"]
[EventCategory "21"]
[SourceTitle "CBM 155"]
[Source "ChessBase"]
[SourceDate "2013.07.16"]
[SourceVersion "1"]
[SourceVersionDate "2013.07.16"]
[SourceQuality "1"]

1. e4 e5 2. Nf3 Nc6 3. Bb5 a6 4. Ba4 Nf6 5. O-O b5 6. Bb3 Bc5 7. c3 d6 8. d4
Bb6 9. Be3 {This line is very popular nowadays. White wants to avoid the sharp
8.a4 lines and tries to play positionally.} O-O 10. Nbd2 Re8 ({The other main
lines are} 10... Bb7) ({and} 10... h6) 11. Re1 ({One month ago} 11. h3 {
was tried} Na5 12. Bc2 Bb7 (12... c5 13. dxc5 (13. d5 c4) (13. Re1 {transposes
to 11.Re1.}) 13... dxc5 14. Qe2 {is similar to the text move.}) 13. Qb1 (13.
Re1 exd4 14. Bxd4 c5 15. Be3 h6 $13) 13... exd4 (13... h6 14. Re1) 14. cxd4 Nc4
15. Nxc4 bxc4 16. Nd2 (16. e5 dxe5 (16... Bxf3 $2 17. exf6) 17. dxe5 Bxf3 18.
exf6 Bxg2 $1 19. Kxg2 Qd5+ 20. Kg1 Bxe3 21. fxe3 Rxe3 (21... Qg5+ 22. Kh1 Qd5+
23. e4 Qh5 {with perpetual checks.}) 22. Bxh7+ Kh8 23. fxg7+ Kxg7 24. Rf2 Rg3+
25. Kh2 Qd6 $13 {with a very unclear fight.}) 16... Rb8 17. Nxc4 Bxe4 18. Bxe4
Nxe4 19. Qd3 Qd7 20. Rfc1 Nf6 21. Bd2 Ba7 $13 {and Black looks OK,
Ponomariov-Giri, Zug 2013.}) 11... Na5 12. Bc2 c5 13. dxc5 $146 {A logical
novelty.} (13. h3 cxd4 {Probably Anand didn't want to allow this move.} (13...
Nc6 14. d5 (14. dxc5 dxc5 (14... Bxc5 15. Bg5 h6 16. Bh4) 15. a4 Rb8 16. axb5
axb5 {and Black hasn't got any problems.}) 14... Ne7 (14... Na5 15. b3 $14) 15.
a4 Bd7 {with a typical Ruy Lopez middlegame.}) 14. cxd4 exd4 15. Nxd4 (15. Bxd4
Bb7 $11) 15... Bb7 16. Nf5 Bxe3 17. Rxe3 g6 {and Black looks nicely placed.})
13... dxc5 14. Qe2 Ng4 {Nakamura would like to take advantage of White's
missing h3 immediately.} 15. Nf1 Be6 16. Ng5 (16. h3 {was an interesting
alternative} Nxe3 ({or} 16... Bc4 17. Qd2 Nxe3 (17... Qxd2 18. Bxd2) 18. Qxd8 (
18. Nxe3 Qxd2 19. Nxd2 Be6 20. Nf3 f6 21. Nd5 Nc4 $11) 18... Raxd8 19. Nxe3 Bc7
(19... Be6 $2 20. Nxe5) 20. b4 cxb4 21. cxb4 Nc6 22. Nxc4 bxc4 23. Ba4 Re6 24.
Rac1 $14 {and White is slightly better.}) 17. Nxe3 Nc4 18. Red1 Qc7 19. Nd5
Bxd5 20. Rxd5 Nxb2 21. Bb3 c4 22. Qxb2 cxb3 23. axb3 f6 {with a nearly equal
position.}) 16... Nxe3 17. Nxe6 fxe6 (17... Rxe6 $6 {is dubious because of} 18.
Nxe3 $14 {followed by Nd5.}) 18. Nxe3 c4 19. Qh5 Qc7 20. Ng4 Rf8 {A very
unusual position in Ruy Lopez. Black has doubles e-pawns, but thanks to the
weak f2 P he gets enough counterplay.} 21. Re2 (21. Rad1 Nc6 $11) 21... Rad8 $1
22. Rd1 (22. Qxe5 $2 {doesn't work because of} Qxe5 23. Nxe5 Rxf2 $1 24. Rxf2
Rd2 $15 {and White is in a big trouble.}) 22... Rxd1+ 23. Bxd1 Rd8 (23... Qd6
24. Bc2 Nc6 $11) 24. Bc2 (24. Rd2 $5 Nc6 $11) 24... b4 $2 {A very ambitious
move, but he missed White's strong answer.} ({The simple} 24... Nc6 {was the
correct} 25. Rd2 Qe7 26. Rxd8+ Qxd8 27. h3 Kf8 $1 28. Qxh7 Qd2 $44 {and Black
has good counterchances.}) 25. cxb4 $2 {Spoiling the sudden chance.} (25. Rd2
$1 {was the strongest move:} Nc6 26. Ba4 $1 bxc3 27. bxc3 g6 28. Qh6 Rxd2 29.
Qxd2 $16 {and Black faces a very unpleasant endgame.}) 25... Nc6 (25... c3 {
was also possible, but after} 26. bxc3 (26. bxa5 $2 cxb2) 26... Qxc3 27. h3 (
27. h4 $5) 27... Nc6 28. Bb3 Nd4 29. Re3 Qxb4 30. Nxe5 Rf8 31. Qg4 {it is very
difficult to play with Black.}) 26. Ba4 $6 ({Still} 26. Rd2 {gives the best
chance} Nd4 27. Ne3 a5 $44) 26... Nxb4 27. Qxe5 Qe7 $1 {A very strong
cold-blooded move by Nakamura!} 28. Qh5 Nxa2 (28... Nd3) ({or} 28... Rf8 {
were also promising for Black.}) 29. g3 $2 {A decisive mistake probably in
time trouble.} (29. Ne5 {was the last chance, which sometimes threatens with
Nc6 fork.} g6 (29... Nc1 30. Rc2) 30. Qg4 Qd6 31. Nf3 Nc1 32. Rd2 Nd3 33. Bc2 {
and White can hold his position.}) 29... Nc1 $1 $19 {A very strong N move,
followed by Nd3. White's position is already hopeless.} 30. Rc2 Nd3 31. e5 Rf8
32. Rxc4 (32. Bc6 Rf5 33. Qe8+ Qxe8 34. Bxe8 h5 $19) 32... Bxf2+ 33. Kg2 (33.
Nxf2 Qa7 $1 $19) 33... Bc5 34. Bc6 Rf5 35. Qh4 Ne1+ 36. Kh3 Qf7 37. Rxc5 Rh5
38. Bg2 Rxh4+ 39. gxh4 Qf5 {A great win by Nakamura!} 0-1

[Event "Norway Chess 1st"]
[Site "Stavanger"]
[Date "2013.05.17"]
[Round "8"]
[White "Nakamura, Hikaru"]
[Black "Radjabov, Teimour"]
[Result "1-0"]
[WhiteElo "2775"]
[BlackElo "2745"]
[Annotator "Marin,M"]
[PlyCount "81"]
[EventDate "2013.05.08"]
[EventType "tourn"]
[EventRounds "9"]
[EventCountry "NOR"]
[EventCategory "21"]
[SourceTitle "CBM 155"]
[Source "ChessBase"]
[SourceDate "2013.07.16"]
[SourceVersion "1"]
[SourceVersionDate "2013.07.16"]
[SourceQuality "1"]

1. e4 c5 2. Nf3 Nc6 3. d4 cxd4 4. Nxd4 e5 5. Nb5 d6 6. N1c3 a6 7. Na3 b5 8. Nd5
Nf6 {This is an open invitation to transposing to the Sveshnikov, but I
somehow fail to see the point of using a different move order. Which lines did
Black wish to avoid? Not the topical ones, for sure, since they all are
connected with the position arising after 9.Bg5.} (8... Nge7 {would be in the
spirit of the Kalashnikov move order.}) 9. c4 $5 {A plan that is known from
the lines with 9.Bg5 Be7 10.Bxf6 Bxf6 and only now 11.c4.} b4 10. Nxf6+ Qxf6
11. Nc2 Be7 {A rare move, advocated by the pioneer of the Kalashnikov and
Sveshnikov variation.} (11... Qg6 12. Ne3 (12. Qd5 {Anand,V (2757)-Shirov,A 
(2715)/Linares 2002/CBM 088/[Ftacnik] (1-0, 31)}) 12... Be7 13. g3 O-O (13...
h5 {Grischuk,A (2701)-Fedorov,A (2604)/Istanbul 2003/CBM 096/[Postny] (1/2, 35)
}) 14. Bg2 {Bologan,V (2652)-Tregubov,P (2627)/Belfort 2002/CBM 090/[Bologan] 
(1-0, 30)}) 12. g3 h5 $146 {I wonder which were Nakamura's feeling when seeing
this move. At Wijk aan Zee he lost badly against Carlsen using the same
radical advance of he h-pawn in a similar position.} (12... O-O 13. Bg2 Bb7 14.
O-O Qg6 (14... Bd8 15. Be3 a5 {1/2 Stefansson,H (2549)-Sveshnikov,E (2508)/
Riga 2004/CBM 101 ext (29)}) 15. b3 a5 {1-0 Shirov,A (2736)-Sveshnikov,E (2557)
/Tallinn 2004/CBM 100 (40)}) 13. h3 Qg6 14. Bg2 h4 15. g4 O-O 16. O-O Be6 17.
Ne3 Rac8 18. b3 Rfd8 19. a3 $14 {Despite the weaknesses on f4 and d4, White
controls the position firmly. Black has no favourable pawn breaks and his
queen is passive.} bxa3 20. Nf5 Bg5 21. Rxa3 a5 22. Bb2 Rd7 23. Bc3 Bd8 24. Kh1
Qh7 25. f4 Bb6 26. Ra2 Bc5 27. Rd2 f6 28. Nxd6 Rb8 29. fxe5 fxe5 30. Nf5 g6 31.
Nh6+ Kh8 32. Rf6 Rxd2 33. Bxd2 Qd7 34. Qe1 Kg7 35. Rf1 Rxb3 36. Bg5 Qd3 37. Nf7
Qg3 38. Qd2 Bxc4 39. Bf6+ Kf8 40. Nxe5 Qxh3+ 41. Bxh3 1-0

[Event "Thessaloniki FIDE GP"]
[Site "Thessaloniki"]
[Date "2013.06.03"]
[Round "11"]
[White "Nakamura, Hikaru"]
[Black "Svidler, Peter"]
[Result "1-0"]
[WhiteElo "2775"]
[BlackElo "2769"]
[PlyCount "111"]
[EventDate "2013.05.22"]
[EventType "tourn"]
[EventRounds "11"]
[EventCountry "GRE"]
[EventCategory "21"]
[SourceTitle "CBM 155"]
[Source "ChessBase"]
[SourceDate "2013.07.16"]
[SourceVersion "1"]
[SourceVersionDate "2013.07.16"]
[SourceQuality "1"]

1. c4 g6 2. e4 e5 3. d4 Nf6 4. Nf3 exd4 5. e5 Ne4 6. Qxd4 Bb4+ 7. Nbd2 Ng5 8.
a3 Nxf3+ 9. gxf3 Nc6 10. Qe3 Bf8 11. b4 Bg7 12. Bb2 O-O 13. f4 d6 14. O-O-O
dxe5 15. fxe5 Qh4 16. b5 Ne7 17. Qg3 Qh5 18. f4 a6 19. a4 axb5 20. axb5 Bg4 21.
Re1 Rfd8 22. Rg1 Be6 23. Be2 Qf5 24. Bg4 Qxg4 25. Qxg4 Bxg4 26. Rxg4 Nf5 27.
Rg2 Rd3 28. Ne4 Ra4 29. Rc2 Re3 30. Kd1 Rd3+ 31. Kc1 Ne3 32. Nc5 Nxc2 33. Kxc2
Rxc4+ 34. Kxd3 Rxc5 35. Ra1 Rxb5 36. Ra8+ Bf8 37. Bd4 h6 38. Rc8 c6 39. Bc3
Rd5+ 40. Ke4 Rc5 41. Kd3 Rb5 42. h4 h5 43. Bd2 Rd5+ 44. Kc2 Rc5+ 45. Kd3 Rd5+
46. Kc2 g5 47. f5 gxh4 48. Bc3 Kg7 49. e6+ f6 50. Rc7+ Kg8 51. Rc8 Kg7 52. Rc7+
Kg8 53. Bxf6 Rxf5 54. Rc8 Rf2+ 55. Kd3 Rf3+ 56. Kd4 1-0

[Event "Moscow Tal Memorial 8th"]
[Site "Moscow"]
[Date "2013.06.15"]
[Round "3"]
[White "Nakamura, Hikaru"]
[Black "Karjakin, Sergey"]
[Result "1-0"]
[WhiteElo "2784"]
[BlackElo "2782"]
[Annotator "Sumets,A"]
[PlyCount "103"]
[EventDate "2013.06.13"]
[EventType "tourn"]
[EventRounds "9"]
[EventCountry "RUS"]
[EventCategory "22"]
[SourceTitle "CBM 155"]
[Source "ChessBase"]
[SourceDate "2013.07.16"]
[SourceVersion "1"]
[SourceVersionDate "2013.07.16"]
[SourceQuality "1"]

1. d4 Nf6 2. c4 g6 3. Nc3 d5 4. cxd5 Nxd5 5. Bd2 Bg7 6. e4 Nxc3 7. Bxc3 c5 8.
d5 Bxc3+ 9. bxc3 O-O 10. Nf3 {According to modern theory, this is not the most
prinicipled continuation. At the moment the most principled lines start with
10.Qd2 or 10.Bc4.} (10. Qd2 $5 e6 (10... Qd6 11. f4 (11. Nf3 Bg4 12. Ng1 {
1/2-1/2 Arutinian,D-Kasimdzhanov,R/Konya TUR 2011}) 11... Nd7 12. e5 Qc7 13. h4
c4 14. h5 Nb6 15. Nf3 Bg4 16. hxg6 fxg6 17. Ng5 Rad8 18. d6 exd6 19. Rxh7 Qc5
20. Rh6 dxe5 21. Rxg6+ Kh8 22. Nf7+ (22. Rh6+ Kg8 23. Rg6+ $11) 22... Kh7 23.
Rh6+ (23. f5 $1 Rxd2 24. Ng5+ Kh8 25. Rh6+ Kg8 26. Rg6+ $11) 23... Kg7 $19 24.
Nxd8 Rxd8 25. Rh4 Rxd2 26. Rxg4+ Kf8 27. Kxd2 Qf2+ 28. Be2 Nd5 29. Rh1 Qe3+ 30.
Ke1 Qxc3+ 31. Kf2 Qe3+ 32. Ke1 Nxf4 33. Rh8+ Kf7 34. Rxf4+ exf4 35. Rh7+ Kf6
36. Rxb7 c3 {0-1 Riazantsev,A-Edouard,R TCh-FRA Top12 Belfort 2012}) 11. d6 e5
12. h4 Be6 13. Nh3 {See the game Anand,V-Hammer,J NOR 2013.} (13. h5 g5 14. h6
(14. Nf3 f6 15. Be2 Nc6 16. O-O Rf7 17. Rfd1 Rd7 {You don't need to bea GM to
understand that the computer overestimates this position. Computer assessment
is around +0.5. I think the position is in Black's favour.}) 14... Kh8 15. Nf3
f6 16. Be2 Nc6 17. Nh2 Qd7 18. Nf1 Nd8 19. Rd1 Nf7 20. Bh5 Qc6 21. Ng3 Rad8 22.
Bxf7 Rxf7 $17 {Akesson,R-Boros,D FS05 Budapest 2008 1-0 (48)})) (10. Bc4 Qd6 (
10... b5 11. Bxb5 Qa5 12. Rb1 (12. Qd3 $1 Nd7 13. Nf3 Rb8 14. Bxd7 Bxd7 15. O-O
$16 Rb2 16. Ne5 Bb5 17. c4 Ba6 18. Nc6 Qc7 19. Qa3 Qb6 20. Nxe7+ Kg7 21. Nc6 f6
22. Qc3 Re2 23. Rab1 Qc7 24. Rfe1 Rxa2 25. e5 {1-0 Sambuev,B-Umansky,V Tula
2004}) 12... Bd7 13. Bd3 Qxc3+ 14. Qd2 Qxd2+ 15. Kxd2 e6 16. Ne2 exd5 17. exd5
Rd8 (17... Bc8 18. Nc3 Nd7 19. Rhe1 $14) 18. Rhc1 Bc8 19. Rxc5 Nd7 20. Ra5 $16
{Stocek,J-Khismatullin,D 11th EICC Men Rijeka CRO 2010 1/2-1/2 (50)}) 11. Nf3
Bg4 12. e5 Qc7 13. O-O Bxf3 14. Qxf3 Qxe5 15. Rab1 Nd7 (15... b6 $2 16. d6 Nd7
17. Rfe1 Qxd6 18. Rbd1 Ne5 (18... Qc7 19. Rxe7 $18) 19. Bxf7+ Nxf7 20. Rxd6 $18
) 16. Rfe1 Qd6 17. Rxb7 Rfb8 $11 18. Rb3 Ne5 19. Qe4 Nxc4 20. Qxc4 Rxb3 21.
axb3 Rd8 {1/2-1/2 Grachev,B-Vachier Lagrave,M Aeroflot Open A Moscow RUS 2010})
10... e6 {Another option is 10...Bg4:} (10... Bg4 11. Be2 (11. Qd2 Bxf3 12.
gxf3 Qd6 13. f4 e6 14. c4 e5 15. f5 Nd7 16. Rg1 Kh8 17. Qh6 Rg8 18. Rb1 Qa6 19.
Bd3 Rab8 20. fxg6 Rxg6 21. Rxg6 fxg6 22. Qh3 Qd6 23. Be2 b6 24. Qa3 a5 (24...
Qc7 $5 25. h4 Nf6 26. Qe3 Rf8 27. Kd2 Ne8 $11) 25. Rb3 Nf6 26. Qb2 Nxe4 $2 27.
f4 $16 Re8 $2 28. Re3 {1-0 Sokolov,I-Brkic,A Sibenik 2007}) 11... Bxf3 (11...
Qd6 $5 12. Nd2 $1 (12. h3 $6 Bxf3 13. Bxf3 Nd7 14. O-O b5) (12. e5 Qc7 13. O-O
Nd7 14. d6 exd6 15. exd6 Qc6 $132) 12... Bxe2 13. Qxe2 Nd7 14. O-O $14) 12.
Bxf3 Nd7 13. O-O Qc7 (13... b5 $5 14. Be2 Rb8 15. f4 c4 16. Qd2 Qc7 17. Rad1
Rfd8 {Black has good counterplay.}) 14. c4 Rad8 15. Qb3 e5 16. Rfb1 Rb8 17. Qa3
b6 18. Rd1 Nf6 19. Qc3 Rfd8 20. a4 Qe7 $11 {Radjabov,T-Kamsky,G FIDE GP Sochi
2008 1/2-1/2 (50)}) 11. Be2 {White didn't get any advantage after 11.Bc4:} (11.
Bc4 b5 12. Bxb5 Qa5 13. Bc4 $1 (13. Qd3 exd5 14. exd5 a6 15. Bc4 Re8+ 16. Kf1
Bf5 17. Qd2 Nd7 $44) 13... Qxc3+ (13... Ba6 $5 14. Bxa6 Qxc3+ 15. Nd2 Nxa6 16.
dxe6 fxe6 17. O-O Rad8 18. Qb3 Qxb3 19. axb3 Rxd2 20. Rxa6 Rb8 21. Rxa7 Rxb3
22. g3 Rbb2 $11) 14. Nd2 Ba6 15. Rc1 Qe5 16. Qe2 Bxc4 17. Nxc4 Qg5 18. Ne3 (18.
O-O $1 exd5 19. exd5 Qxd5 20. Rfd1 Qc6 21. Rd6 $44) 18... exd5 19. exd5 Nd7 20.
O-O Rfe8 $11 {Karpov,A-Timofeev,A RUS-ChT Sochi 2007 1/2-1/2 (35)}) 11... exd5
12. exd5 Bg4 13. O-O Nd7 (13... Qd6 {Black's standard plan in such kind of
positions is} 14. Rb1 (14. c4 Bxf3 15. Bxf3 Nd7 16. Re1 Rfe8 $11) 14... Nd7 $1
(14... b6 $6) 15. Rxb7 Nb6 {threatening ...Bc8} 16. Qd2 $1 Qxd5 (16... Kg7 $5
17. Ne5 (17. Qg5 Bc8 18. Qe7 Qxe7 19. Rxe7 Nxd5 20. Re5 Nxc3 21. Bc4 Bb7 22.
Rc1 Ne4 23. Re7 $44) 17... Bxe2 (17... Bc8 $2 18. Rxf7+ $1 Rxf7 19. Qh6+ Kg8 $8
20. Nxf7 Kxf7 21. Qxh7+ Kf8 22. Bd3 $16) 18. Qxe2 Qxd5 19. Re7 Qd6) (16... Bc8
$2 17. Qh6) 17. Qxd5 Nxd5 18. Bc4 Bxf3 (18... Nb6 $6 19. Bxf7+ Rxf7 20. Rxf7
Kxf7 21. Ne5+ Ke6 22. Nxg4 Rd8 23. Re1+ Kf7 24. Ne5+ Kf6 $44 {The activity of
the black pieces could be enough for a draw.}) 19. gxf3 Nb6 20. Be2 Rfb8 21.
Rc7 Rc8 22. Rb7 Rcb8 $11) 14. h3 Bxf3 15. Bxf3 Ne5 16. Be2 Qd6 17. Rb1 $1 b6 $2
18. Re1 $6 {An inaccurate move.} (18. Ba6 $1 Rfe8 19. Re1 Nd7 20. c4 Nf6 21.
Bb5 $16) 18... Rfd8 $2 (18... a6 $1 {It seems to me that this is the best
setup for Black.} 19. a4 Nd7 {M.Golubev} 20. Bf1 Nf6 21. c4 Rab8 22. Qb3 Rfe8
23. Qb2 $14) (18... c4 19. Qd4 Rac8 20. f4 Nd3 21. Bxd3 cxd3 22. Rbd1 Rfd8 23.
Rxd3 Qc5 24. Qxc5 $6 (24. Ree3 Qxd4 25. Rxd4 Rc5 26. c4 Kg7 27. Kf2 $16) 24...
Rxc5 $44 {Nezar,M-Marzolo,C Nancy 2005 1-0 (64). Black chances to make draw
are higher than White's chances to win the game.}) 19. Ba6 $1 Rab8 20. c4 Nd7 (
20... Re8 21. Bb5 Re7 22. Qd2 f6 {In order to put the knight on d6 Black needs
to weaken his kingside. Black's position is cramped and very difficult. If you
have a lack of space, then passive rooks are the common problem. For example,
if Black managed to swap one pair of rooks his position would be defendable.
If he managed to swap all the rooks his position would be better.} 23. Re2 Rf8
24. a4 g5 25. f4 gxf4 26. Qxf4 $16) 21. Bb5 $1 $16 (21. Rb3 Re8 $1 22. Rbe3
Rxe3 23. Rxe3 Kf8 24. Bb5 Re8 $5 (24... Nf6 25. Bc6 Rc8 26. Qa1 $1 $16) 25.
Rxe8+ Kxe8 26. Qa4 Qc7 {Black's next move is ...Ke7. It is not so clear if
White can achieve something.}) 21... Nf6 (21... Re8 $1 {As was mentioned above,
Black needs to trade rooks.} 22. Qd2 (22. Qa4 $5 Rxe1+ 23. Rxe1 Rb7 24. Re8+
Kg7 25. Rd8 $6 {It seems that White gains a piece} Qf4 $1 26. Qd1 $6 (26. Qc2
$1 Ne5 27. Re8 Qd4 28. Qe2 $14) 26... Ne5 27. d6 a6 28. Bxa6 Ra7 29. d7 $8 (29.
Bb5 $2 Rxa2 30. Qf1 Qf6 $19) 29... Kh6 $1 30. Bb5 Rxa2 31. Qe1 Nf3+ 32. gxf3
Qg5+ 33. Kh2 Qxd8 34. Qe3+ Kg7 35. Qe5+ Kh6 36. Qe3+ Kg7 $11) 22... Rxe1+ 23.
Rxe1 Nf6 24. a4 Kg7 25. a5 $16 {At least Sergey would have more practical
chances than he had in the game.}) 22. Qe2 Rb7 23. Rb3 Nh5 24. Re3 {White has
a strategically winning position.} Ng7 25. g4 $5 {Usually if you see a move
like g4 you don't want to consider other options. Nevertheless 25.Re7 deserves
attention. At least White wins a pawn.} (25. Re7 $5 Rxe7 26. Qxe7 Nf5 27. Qxa7
Qb8 28. Qxb8 Rxb8 29. a4 $16) 25... Kf8 26. a4 {Nakamura even doesn't want to
think about Black's opportunity ...a6, ...b5.} f5 $5 {Sergey is trying to play
actively.} 27. Re5 $6 (27. Qb2 $1 Kg8 28. gxf5 $1 Rf7 (28... Nxf5 29. Re8+ Rxe8
30. Rxe8+ Kf7 31. Qh8 $18) 29. fxg6 hxg6 (29... Qxg6+ 30. Rg3 $18) 30. Be8 $1
Rc7 31. Re4 $18 {Black doesn't have any reasonable moves} Nf5 $2 32. Re6) 27...
fxg4 28. hxg4 Rf7 {Black's position has improved significantly. He has some
counterplay on the f-file. However we should admit that Black's position is
bad. The knight on e8 is out of play.} 29. Qe3 Qf6 30. Re2 Qf4 31. Qxf4 (31.
Re4 Qxe3 32. R2xe3 {White keeps rooks on the board. It is not easy to
determine where Black's position is more difficult.} h5 33. f3 Rd6 34. Kg2 Rdf6
35. Kg3 $16) 31... Rxf4 32. R5e4 $8 Rxe4 33. Rxe4 h5 34. f3 Kf7 35. Kg2 Kf6 36.
Re1 g5 {Sooner or later Black had to make this move.} 37. Kg3 Rh8 38. Bc6 Kf7
39. d6 h4+ $2 (39... hxg4 $8 {The only chance to continue resistance was} 40.
fxg4 (40. Kxg4 $2 Kf6 41. Bd5 Rh4+ 42. Kg3 Rh8 $11 43. a5 $2 Rd8) 40... Kf6 41.
Re7 Rd8 42. Bd7 $22 Rh8 $8 (42... Kg6 $2 43. Kf3 Kf6 44. Ke4 $18) 43. Kf3 Rh2
44. Bc6 (44. Ke4 $2 Re2+) 44... Ne6 $8 45. Bd5 Nd4+ 46. Kg3 Rh8 $1 47. Rxa7 Rd8
$16 {and White needs to choose between} 48. Ra6 $5 {or} (48. Rf7+ Ke5 49. d7 {
It is not obvious if White can win the endgame or not.})) 40. Kh2 Kf6 41. d7
Ne6 42. Bd5 $6 {The key to the win is the breakthrough f4. Fortunately for
Nakamura he managed to find it later.} (42. f4 $1 gxf4 43. g5+ Kf5 44. Bd5 Nc7
45. g6 Kxg6 (45... Kf6 46. g7 $1 Kxg7 47. Bg8 $3) 46. Bg8 $3 $18 {An amazing
line, isn't it?}) 42... Nc7 43. Be4 Ne6 44. Bd5 Nc7 45. f4 $1 $18 ({Nakamura
could postpone the breakthrough:} 45. Bc6 Ne6 46. f4 $1 gxf4 47. g5+ Kf5 48.
Bd5 Ng7 49. Re7 Kg6 50. Bf7+ Kxg5 51. Be8 $18) 45... gxf4 46. g5+ Kg6 (46...
Kf5 47. g6 $1 Kxg6 48. Bg8 $1 $18) 47. Re5 Rd8 48. Be4+ Kf7 49. Bf5 Rh8 50. Kg2
a5 51. Kf2 f3 52. Re1 $22 1-0